Bloons TD Battles Quiz - Statistics

General Stats
  • This quiz has been taken 482 times
  • The average score is 11 of 15
Answer Stats
Question Tower/Upgrade/Bloon/Ability/Feature % Correct
What tower shoots magic to pop bloons? Monkey Apprentice
98%
What bloon comes on Round 1? Red
85%
What tower is your first and cheapest tower? Dart Monkey
84%
What tower has an upgrade where you sacrifice nearby towers but get “unlimited power?” Super Monkey
81%
What tower has unlimited range? Sniper and/or Dartling Gun
80%
What bloon has a rainbow inside? Ceramic
77%
What bloon is in invincible to anything sharp except for Bloontonium Shots from the Dartling Gun? Lead
77%
What bloon summons 16 MOABs (use your meths)? ZOMG
75%
What towers follows the saying, “You gotta spend money to make money?” Banana Farm
73%
What upgrade comes before the upgrade above? (3-X) Sun God
70%
What is the title of the upgrade above? Temple of the Monkey God
68%
What ability is used to boost one certain tower for ten seconds? Overclock
61%
What upgrade allows its tower to summon whirlwinds that push bloons away from the exits? Summon Whirlwind
56%
What upgrade on the Engineer is the X-3 upgrade? Sprockets
50%
What feature allows you to every 8 hours, get medallions, a banana farmer, or a free arena ticket? Wheel Spin
49%
No matching quizzes found
Score Distribution
Percent of People with Each Score
Percentile by Number Answered
Your Score History
You have not taken this quiz